Statistiken für Länder mit Linksverkehr

Klicken Sie hier um das Quiz zu spielen!

Allgemein

  • Dieses Quiz wurde 354 mal gespielt
  • Das Durchschnittsergebnis liegt bei 37 aus 57

Antwortstatistiken

HintAntwort% Korrekt
Vereinigtes Königreich
96%
Australien
93%
Irland
92%
Neuseeland
91%
Südafrika
88%
Indien
82%
ChinaHong Kong
80%
Thailand
75%
Fidschi
74%
Kenia
74%
Namibia
74%
Indonesien
73%
Japan
73%
Tuvalu
73%
Malaysia
72%
Tansania
72%
Samoa
71%
St. Kitts und Nevis
71%
Jamaika
70%
Lesotho
70%
Barbados
69%
Simbabwe
69%
St. Vincent und die Grenadinen
69%
Tonga
69%
Pakistan
68%
St. Lucia
68%
Dominica
67%
Salomonen
67%
Sambia
67%
Trinidad und Tobago
67%
Bangladesch
66%
Mosambik
66%
Antigua und Barbuda
65%
Bahamas
65%
Bhutan
65%
Malta
65%
Nauru
65%
Singapur
65%
Botswana
64%
Grenada
63%
Nepal
63%
Kiribati
62%
Papua-Neuguinea
62%
Uganda
60%
Sri Lanka
56%
Brunei
53%
Malawi
53%
Swasiland
53%
Seychellen
51%
Malediven
49%
Mauritius
48%
Osttimor
48%
Guyana
43%
Surinam
38%
ChinaMacau
36%
Zypern
33%
USAAmerikanische Jungferninseln
19%

Verteilung der Resultate

Perzentil nach korrekt beantworteten Fragen

Anzahl Personen mit jedem Resultat

Ihre Resultats-Entwicklung

Sie haben dieses Quiz noch nicht gespielt